Confesión y otros escritos

Zapisane w:
Opis bibliograficzny
1. autor: Drieu La Rochelle, Pierre (Autor)
Format: Książka
Język:hiszpański
Wydane: Santiago Universidad Diego Portales 2009
Wydanie:1a. ed
Seria:Colección Vidas Ajenas
Hasła przedmiotowe:
Etykiety: Dodaj etykietę
Nie ma etykietki, Dołącz pierwszą etykiete!

MARC

LEADER 00000cam a2200000 a 4500
001 UCG8687
003 CL-VaPUC
008 111223e20091000CL |||||||||||||||||spa|d
020 |a 9789563140774 
082 0 4 |a 928  |b DRI  |2 21 
100 0 |a Drieu La Rochelle, Pierre  |e author  |9 559801 
245 1 0 |a Confesión y otros escritos 
250 |a 1a. ed 
300 |a 79 p 
942 |c BK 
945 |d 20111223 00:00:00  |a dcastane 
260 |a Santiago  |b Universidad Diego Portales  |c 2009 
650 0 |a Autobiografías   |9 265171 
650 0 |a Literatura francesa  |9 266330 
650 0 |a Escritores franceses   |9 450149 
583 |a last modification  |c 20111223 12:06:00  |k Rodrigo Vera 
490 0 |a Colección Vidas Ajenas 
999 |c 346287  |d 346285 
952 |0 0  |1 0  |4 0  |6 928_000000000000000_DRI_2009  |7 0  |8 A  |9 446933  |a BIBART  |b BIBART  |d 2019-11-22  |i 4817745  |o 928 DRI 2009  |p 4817745  |r 2025-03-13  |w 2019-11-22  |y BK  |k ART